[Event "Bogota IRT op 08"]
[Site "Bogota"]
[Date "2012.08.20"]
[Round "6"]
[White "Estrella Becerra, Fernando"]
[Black "Vargas, Alexander"]
[Result "1-0"]
[WhiteElo "2057"]
[BlackElo "1652"]
[PlyCount "93"]
[EventDate "2012.08.17"]
[EventType "swiss"]
[EventRounds "7"]
[EventCountry "COL"]
[SourceTitle "EXT 2013"]
[Source "ChessBase"]
[SourceDate "2012.11.22"]
[SourceVersion "1"]
[SourceVersionDate "2012.11.22"]
[SourceQuality "1"]

1. c4 e5 2. g3 Bc5 3. Bg2 Ne7 4. Nc3 a6 5. Nf3 d6 6. 0-0 0-0 7. d4 exd4 8. Nxd4 Nbc6 9. Nc2 Rb8 10. e4 Ng6 11. Be3 Bxe3 12. Nxe3 Kh8 13. Ncd5 Nce7 14. Qd4 f5 15. f4 Nxd5 16. exd5 Qf6 17. Nc2 Bd7 18. Rfe1 Rbe8 19. Qxf6 Rxf6 20. Rxe8+ Bxe8 21. Re1 Bd7 22. h4 Rf7 23. h5 Ne7 24. Nd4 Ng8 25. Kf2 Nf6 26. Bf3 Ng4+ 27. Bxg4 fxg4 28. Ne6 Re7 29. Nxc7 Rxe1 30. Kxe1 Kg8 31. Kf2 Kf7 32. Ke3 g6 33. hxg6+ Kxg6 34. b4 h5 35. Ne6 Kf6 36. Nd4 Ba4 37. c5 Bd1 38. c6 bxc6 39. dxc6 Ke7 40. f5 Ba4 41. Kf4 Kf6 42. c7 Bd7 43. a4 h4 44. gxh4 g3 45. Kxg3 Ke5 46. Nc6+ Kxf5 47. Na7 1-0